Tvorba novej učebnice francúzskych reálií
Predstavenie výskumno-pedagogického projektu KEGA s názvom Reálie Francúzska a frankofónnych krajín – nová koncepcia predmetu, ktorej výsledkom je učebnica francúzskych reálií určená ako študijný materiál pre študentov francúzštiny na Ekonomickej univerzite v Bratislave.
Salvato in:
| Autore principale: | |
|---|---|
| Natura: | Capitolo di libro |
| Lingua: | slovacco |
| Soggetti: | |
| Tags: |
Nessun Tag, puoi essere il primo ad aggiungerne!!
|
MARC
| LEADER | 00000naa$a2200000$$$4500 | ||
|---|---|---|---|
| 001 | 0254378 | ||
| 005 | 20240502074050.9 | ||
| 041 | 0 | |a slo | |
| 044 | |a SK | ||
| 245 | 1 | 0 | |a Tvorba novej učebnice francúzskych reálií |c Iveta Rizeková |
| 520 | |a Predstavenie výskumno-pedagogického projektu KEGA s názvom Reálie Francúzska a frankofónnych krajín – nová koncepcia predmetu, ktorej výsledkom je učebnica francúzskych reálií určená ako študijný materiál pre študentov francúzštiny na Ekonomickej univerzite v Bratislave. | ||
| 610 | 2 | 0 | |a Francúzsko |
| 610 | 2 | 0 | |a reálie |
| 610 | 2 | 0 | |a komunikácia interkultúrna |
| 610 | 2 | 0 | |a komunikácia |
| 610 | 2 | 0 | |a didaktika |
| 100 | 1 | |a Rizeková, Iveta, 1961- | |